[Event "Challenge"]
[Site "http://www.queenalice.com/game.php?id=1302546"]
[Date "2014.8.19"]
[Round "-"]
[White "AdelM"]
[Black "Aldino"]
[Result "0-1"]
[WhiteElo "1500"]
[BlackElo "2157"]

1. c3 d5 2. Qa4+ Bd7 3. Qh4 Nf6 4. b4 e6 5. g4 Be7 6. Bg2 Ne4 7. Qh3 Bh4 8. Bxe4
dxe4 9. c4 Qf6 10. Nc3 Qxf2+ 11. Kd1 Qf6 12. Kc2 Bc6 13. Qe3 Bg5 14. Qh3 e3 15.
Nf3 Bxf3 16. exf3 exd2 17. Bxd2 Bxd2 18. Kxd2 Qd4+ 19. Kc2 Qxc4 20. Rhd1 Nc6 21.
Rg1 Nxb4+ 22. Kd2 Rd8+ 23. Ke1 Qxc3+ 24. Kf2 Rd2+ 25. Kg3 Qe5+ 26. f4 Qe3+ 27.
Kh4 Qxh3+ 28. Kxh3 Rxa2 29. Rab1 a5 30. Rgc1 c6 31. Kg3 O-O 32. Rd1 b5 33. h4
Ra3+ 34. Kf2 Nd5 35. Rd4 Ra2+ 36. Kf3 Rc8 37. Rc4 bxc4 38. Rb7 c3 39. Rb1 c2 40.
Rc1 Rb2 41. Kg3 Ne3 42. Kf3 Rb1 43. Rxc2 Nxc2 44. h5 Nd4+ 45. Kg3 Ne2+ 46. Kf3
Rb2 47. Kg2 Nxf4+ 48. Kf3 e5 49. Ke4 f6 50. Kf3 Rd8 51. Kg3 Rd3+ 52. Kh4 Rh2#
0-1

[Event "DEK VII"]
[Site "http://www.queenalice.com/game.php?id=1305585"]
[Date "2014.9.1"]
[Round "-"]
[White "perucona"]
[Black "AdelM"]
[Result "0-1"]
[WhiteElo "1346"]
[BlackElo "1430"]

1. e4 b5 2. d4 Nf6 3. e5 Ng4 4. f3 Nh6 5. Bxh6 gxh6 6. Nc3 b4 7. Ne4 Bb7 8. b3
Nc6 9. d5 Nxe5 10. Bb5 h5 11. Ne2 Ng6 12. O-O c6 13. Bd3 cxd5 14. Ng5 Qb6+ 15.
Kh1 Ne5 16. Rf2 Qxf2 17. Qg1 Qh4 18. Nh3 Bh6 19. Rf1 Qf6 20. Rf2 Be3 21. Qf1
Bxf2 22. Nxf2 d4 23. Ne4 Qh4 24. Qg1 Rg8 25. g3 Qh3 26. Nxd4 h4 27. Nf5 Qxf5 28.
Be2 Bxe4 29. Qg2 h3 30. Qg1 Bxf3+ 31. Bxf3 Qxf3+ 32. Qg2 Qxg2# 0-1

[Event "Challenge"]
[Site "http://www.queenalice.com/game.php?id=1308383"]
[Date "2014.9.15"]
[Round "-"]
[White "AdelM"]
[Black "JRic"]
[Result "0-1"]
[WhiteElo "1519"]
[BlackElo "1681"]

1. d4 d5 2. e3 Nc6 3. Bc4 dxc4 4. Na3 Be6 5. Nf3 Nf6 6. Nb5 Bg4 7. Qe2 a6 8. Nc3
e6 9. Qxc4 Bxf3 10. gxf3 Bb4 11. Bd2 a5 12. O-O-O O-O 13. Nb5 Bxd2+ 14. Rxd2 Nd5
15. Rdd1 Ndb4 16. Qf1 Rc8 17. Na7 Nxa7 18. e4 Qg5+ 19. Kb1 Rcd8 20. Qc4 Nac6 21.
Qc3 Qf6 22. e5 Qf5 23. Rc1 Ra8 24. Rhg1 a4 25. h4 Nxa2 26. Kxa2 Qf4 27. Rce1
Qxd4 28. Qa3 Nb4+ 29. Kb1 Qc4 30. Rc1 b5 31. Qe3 Qa2# 0-1

[Event "Challenge"]
[Site "http://www.queenalice.com/game.php?id=1308814"]
[Date "2014.9.17"]
[Round "-"]
[White "roli68"]
[Black "AdelM"]
[Result "1-0"]
[WhiteElo "1616"]
[BlackElo "1562"]

1. e4 e5 2. d4 Nf6 3. dxe5 Nxe4 4. Nc3 Qh4 5. g3 Qe7 6. Nxe4 Nc6 7. f4 Qb4+ 8.
Nc3 Nd4 9. a3 Qc5 10. Be3 Qb6 11. Bxd4 Qxb2 12. Nd5 Bxa3 13. Bxb2 O-O 14. Bxa3
d6 15. Ne7+ Kh8 16. Nxc8 Raxc8 17. Nh3 f6 18. e6 Rce8 19. Qe2 c5 20. Rd1 Rd8 21.
Bg2 b6 22. f5 Rde8 23. Rxd6 Kg8 24. Rd7 a5 25. Qg4 g5 26. Qh5 Rxe6+ 27. fxe6 Rc8
28. Qxh7+ Kf8 29. Qh8# 1-0

[Event "HOMOFOBIA X"]
[Site "http://www.queenalice.com/game.php?id=1308824"]
[Date "2014.9.17"]
[Round "-"]
[White "perucona"]
[Black "AdelM"]
[Result "0-1"]
[WhiteElo "1410"]
[BlackElo "1399"]

1. e4 e5 2. Nf3 Qg5 3. g3 Qf6 4. Nc3 Nc6 5. Bb5 Nd4 6. Nxd4 exd4 7. Na4 Qe6 8.
O-O Qxe4 9. Bd3 Qc6 10. Re1+ Be7 11. Re2 Qxa4 12. b3 Qc6 13. c3 Nf6 14. Qe1 O-O
15. cxd4 h6 16. Bb2 d5 17. Rc1 Qd7 18. Rc2 Qd6 19. Rxe7 Bh3 20. Rcxc7 Ne8 21.
Rxe8 Qxc7 22. Rxf8+ Rxf8 23. Bc3 Qd7 24. Qe2 f5 25. Qh5 Qe6 26. Bb4 Qe1+ 27. Bf1
Qxf1# 0-1

[Event "Challenge"]
[Site "http://www.queenalice.com/game.php?id=1308930"]
[Date "2014.9.18"]
[Round "-"]
[White "jbugg"]
[Black "AdelM"]
[Result "1-0"]
[WhiteElo "1444"]
[BlackElo "1500"]

1. e4 e5 2. Nf3 d6 3. Nc3 Nf6 4. Bc4 Be6 5. Bb5+ c6 6. Be2 Bg4 7. h3 Bh5 8. g4
Bg6 9. Nh2 Nbd7 10. h4 Nc5 11. a3 Bxe4 12. f3 Bg6 13. h5 d5 14. hxg6 fxg6 15. d3
Nfd7 16. Be3 Na6 17. Qd2 1-0

[Event "Challenge"]
[Site "http://www.queenalice.com/game.php?id=1309192"]
[Date "2014.9.19"]
[Round "-"]
[White "Aldino"]
[Black "AdelM"]
[Result "1-0"]
[WhiteElo "2163"]
[BlackElo "1489"]

1. e4 e5 2. Nf3 d6 3. d3 Nf6 4. Nc3 Ng4 5. h3 Nf6 6. Bg5 Be6 7. d4 Nc6 8. d5 Nb4
9. dxe6 fxe6 10. a3 Nc6 11. Bc4 Qe7 12. Qe2 Nd4 13. Nxd4 exd4 14. Nb5 e5 15.
Bxf6 gxf6 16. a4 c6 17. Na3 Qc7 18. O-O Bh6 19. Qh5+ Kf8 20. Qxh6+ Ke8 21. Qh5+
Ke7 22. Qf7+ Kd8 23. Qxf6+ Kc8 24. Qxh8+ Kd7 25. Qxa8 Qb6 26. b3 Kc7 27. f4 Qa5
28. f5 Qc3 29. Bd3 Qd2 30. Rfe1 d5 31. exd5 cxd5 32. Qxa7 e4 33. Qc5+ Kb8 34.
Qxd5 exd3 35. Qxd4 Qg5 36. Qxd3 b6 37. Re8+ Kc7 38. Rae1 Qf6 39. R1e7+ Kc6 40.
Rc8# 1-0

[Event "HER PERUCONA XXXV"]
[Site "http://www.queenalice.com/game.php?id=1313917"]
[Date "2014.10.10"]
[Round "-"]
[White "perucona"]
[Black "AdelM"]
[Result "1-0"]
[WhiteElo "1561"]
[BlackElo "1375"]

1. e4 e5 2. Nf3 Nc6 3. Nc3 Nf6 4. Bb5 Be7 5. Bxc6 dxc6 6. O-O Bd6 7. Re1 O-O 8.
d3 Bb4 9. Bd2 Ng4 10. h3 Nf6 11. Re3 Bc5 12. Re2 Bg4 13. hxg4 Nxg4 14. Be3 Qe7
15. Bxc5 Qxc5 16. Qd2 Qe7 17. Nh2 Nh6 18. Rae1 b5 19. Nb1 Rad8 20. Nc3 b4 21.
Na4 Qh4 22. g3 Qh3 23. f3 Qxg3+ 24. Rg2 Qh4 25. Ree2 Rd6 26. Rg4 Qh3 27. Reg2
Rg6 28. Rxg6 fxg6 29. Nc5 Rf6 30. Qf2 g5 31. Rxg5 Qc8 32. Qg2 Rf7 33. Nb3 Qd7
34. Nd2 Qd6 35. Ng4 Qd4+ 36. Kf1 Qd6 37. Nxe5 Re7 38. Nec4 Qf4 39. Ke1 Nf7 40.
Rxg7+ Kf8 41. Rg8# 1-0

[Event "Challenge"]
[Site "http://www.queenalice.com/game.php?id=1315443"]
[Date "2014.10.14"]
[Round "-"]
[White "sunking1"]
[Black "AdelM"]
[Result "1-0"]
[WhiteElo "1407"]
[BlackElo "1452"]

1. e4 e5 2. Nf3 Nc6 3. Nc3 Nf6 4. h3 Bc5 5. Ng5 O-O 6. Qf3 Nd4 7. Qd3 d6 8. Nb5
Nxc2+ 9. Qxc2 Qd7 10. a4 d5 11. Qxc5 c6 12. Nd6 b6 13. Qb4 Bb7 14. Nxb7 Qxb7 15.
f3 c5 16. Qb5 d4 17. Bc4 Nh5 18. d3 Ng3 19. Rg1 a6 20. Qb3 h6 21. Nxf7 b5 22.
Nd6+ bxc4 23. Qxb7 Rad8 24. Qb6 c3 25. Nf5 Rd7 26. Nxg3 c2 27. Qxc5 Rdf7 28. Nf5
Kh7 29. Qxc2 Rf6 30. g4 Rg6 31. h4 1-0

[Event "WE CARE A LOT VII"]
[Site "http://www.queenalice.com/game.php?id=1317546"]
[Date "2014.10.24"]
[Round "-"]
[White "rogeriooliveira"]
[Black "AdelM"]
[Result "0-1"]
[WhiteElo "1472"]
[BlackElo "1383"]

1. e4 e5 2. Nf3 Nc6 3. Nc3 Nf6 4. Bb5 Nd4 5. Nxd4 exd4 6. Na4 Nxe4 7. d3 Nd6 8.
Bc4 Qe7+ 9. Qe2 b5 10. Bd5 Rb8 11. Nc5 Nf5 12. Nb3 Ba6 13. O-O Qxe2 14. Bf3 Qxc2
15. h3 Qxd3 16. Bg5 Bd6 17. Rad1 Qc2 18. Rb1 O-O 19. Rfc1 Qd3 20. Rd1 Qc4 21.
Re1 d3 22. Red1 Qa4 23. Ra1 b4 24. Bd2 Rb5 25. Re1 Be5 26. Bg4 Bxb2 27. Rab1
Qxa2 28. Nc1 Qxb1 29. Bxf5 Rxf5 30. f3 Qc2 31. Nxd3 Bxd3 32. Be3 Be2 33. Kf2
Bxf3+ 34. Kg3 Qxg2+ 35. Kh4 Qg4+ 36. hxg4 Rd5 37. Rh1 Re8 38. Kg3 Rxe3 39. Kf4
Be5+ 40. Kxe3 Bxh1 41. g5 b3 42. Ke2 b2 43. Ke3 b1=Q 44. Ke2 Qd1+ 45. Ke3 Bg3
46. g6 Qd3# 0-1

[Event "LA REVANCHE"]
[Site "http://www.queenalice.com/game.php?id=1322208"]
[Date "2014.11.14"]
[Round "-"]
[White "AdelM"]
[Black "roli68"]
[Result "0-1"]
[WhiteElo "1411"]
[BlackElo "1661"]

1. e4 e5 2. Nf3 Nc6 3. Bc4 Nf6 4. Ng5 d5 5. Bd3 dxe4 6. Bxe4 h6 7. Nxf7 Kxf7 8.
Nc3 Bg4 9. f3 Be6 10. Qe2 Nd4 11. Qd1 g5 12. d3 c6 13. Qd2 g4 14. h4 gxf3 15.
gxf3 Bf5 0-1

[Event "Challenge"]
[Site "http://www.queenalice.com/game.php?id=1322474"]
[Date "2014.11.16"]
[Round "-"]
[White "Wildhagen"]
[Black "AdelM"]
[Result "1-0"]
[WhiteElo "1488"]
[BlackElo "1492"]

1. e4 e5 2. Nf3 Nc6 3. Bc4 Qf6 4. d3 Bb4+ 5. c3 Bc5 6. Bg5 Qg6 7. O-O d6 8. d4
f6 9. Bb5 fxg5 10. dxc5 Be6 11. cxd6 O-O-O 12. Nxe5 Qxe4 13. Re1 Qh4 14. Bxc6
Rxd6 15. Qf3 g4 16. Bxb7+ Kd8 17. Qf8# 1-0

[Event "FERNANDO II"]
[Site "http://www.queenalice.com/game.php?id=1337860"]
[Date "2015.1.29"]
[Round "-"]
[White "rogeriooliveira"]
[Black "AdelM"]
[Result "0-1"]
[WhiteElo "1356"]
[BlackElo "1365"]

1. e4 e5 2. Nf3 Bd6 3. Nc3 Nf6 4. Bc4 O-O 5. O-O Ng4 6. Re1 Bc5 7. Re2 Qf6 8.
Qe1 Qh6 9. h3 Nf6 10. d3 g5 11. Nd2 g4 12. Kh2 Qf4+ 13. g3 Qg5 14. Qf1 d6 15.
hxg4 Nxg4+ 16. Kg2 Bd7 17. b3 Qh5 18. f3 Qh2# 0-1

[Event "FERNANDO XVI"]
[Site "http://www.queenalice.com/game.php?id=1337874"]
[Date "2015.1.29"]
[Round "-"]
[White "rogeriooliveira"]
[Black "AdelM"]
[Result "1-0"]
[WhiteElo "1292"]
[BlackElo "1431"]

1. e4 e5 2. Nf3 Nc6 3. Nc3 Bc5 4. d3 Nf6 5. Be2 O-O 6. O-O Ng4 7. Be3 Bb4 8. Bd2
Qf6 9. Bg5 Qd6 10. a3 Bc5 11. Qd2 Bxf2+ 12. Kh1 Qe6 13. h3 Bc5 14. Be3 Bxe3 15.
Qe1 Nd4 16. Rc1 Qf6 17. hxg4 Qf4 18. Nd5 Qh6+ 19. Nh2 c6 20. Nb4 d6 21. Rd1 Be6
22. c3 Nb5 23. c4 Nd4 24. Qg3 Nxe2 25. Qh3 Qg5 26. Rde1 Nd4 27. Nf3 Qg6 28. Rxe3
Bxg4 29. Qh4 Bxf3 30. Kg1 Bxg2 31. Rf2 Bf3+ 32. Kf1 c5 33. Na2 a5 34. Rh2 Nf5
35. exf5 Qxf5 36. Kf2 Bh5+ 37. Kg2 Qg6+ 38. Rg3 Bf3+ 39. Kf2 e4 40. Rgh3 f5 41.
Qxh7+ Kf7 42. Rh6 Qxh7 43. Rxh7 f4 44. R2h5 Bxh5 45. Rxh5 e3+ 46. Ke2 Ke8 47.
Nc1 f3+ 48. Kf1 1-0

[Event "FERNANDO XXI"]
[Site "http://www.queenalice.com/game.php?id=1337881"]
[Date "2015.1.29"]
[Round "-"]
[White "rogeriooliveira"]
[Black "AdelM"]
[Result "0-1"]
[WhiteElo "1374"]
[BlackElo "1417"]

1. e4 e5 2. Nf3 Nc6 3. Nc3 Nf6 4. Bb5 Nb4 5. O-O Bc5 6. Qe2 O-O 7. a3 Nxc2 8.
Rb1 d6 9. d3 Ng4 10. Na4 Nd4 11. Qd2 Nxb5 12. h3 Nf6 13. Nxc5 dxc5 14. Re1 Qd6
15. a4 Nd4 16. Nxd4 Qxd4 17. Rf1 Qxa4 18. Qd1 Qc6 19. Re1 Be6 20. Bg5 Nd7 21.
Kh1 a5 22. Rg1 Ra6 23. g4 Qb6 24. Rg3 c4 25. dxc4 Bxc4 26. Qg1 Qb4 27. Be3 Rd6
28. h4 Nc5 29. Bxc5 Qxc5 30. g5 Rd4 31. Re3 f5 32. exf5 e4 33. Qg2 Ba2 34. Rg1
Qxf5 35. Rg3 Rd2 36. g6 Rxf2 37. gxh7+ Kxh7 38. Rxg7+ Kh8 39. Rg8+ Rxg8 40. Qh3
Qxh3# 0-1

[Event "Challenge"]
[Site "http://www.queenalice.com/game.php?id=1344292"]
[Date "2015.2.27"]
[Round "-"]
[White "Numimbala"]
[Black "AdelM"]
[Result "1-0"]
[WhiteElo "1429"]
[BlackElo "1453"]

1. e3 e5 2. Nc3 Bc5 3. Qf3 Nf6 4. Na4 Bb4 5. Qe4 Nxe4 6. c3 Ba5 7. f3 Nf6 8. b4
b5 9. Nc5 d6 10. Nb3 Bb6 11. g4 a6 12. c4 Nc6 13. c5 1-0

[Event "PROVOCAR VI"]
[Site "http://www.queenalice.com/game.php?id=1348639"]
[Date "2015.3.19"]
[Round "-"]
[White "perucona"]
[Black "AdelM"]
[Result "0-1"]
[WhiteElo "1317"]
[BlackElo "1404"]

1. e4 e5 2. Nf3 Bb4 3. c3 Bc5 4. d3 Nf6 5. d4 exd4 6. cxd4 Bb4+ 7. Nc3 Qe7 8.
Be2 O-O 9. Bd2 Bxc3 10. Bxc3 Qxe4 11. O-O Ng4 12. Qd3 Qf4 13. g3 Qh6 14. h4 b6
15. Rfd1 d5 16. Kg2 g5 17. Rh1 Nc6 18. Rhf1 Ne7 19. Rad1 Bf5 20. Qd2 Bc2 21.
Qxc2 Rad8 22. Nd2 Nf6 23. Rfe1 gxh4 24. Kf3 Qh5+ 25. Kg2 Qg5 26. Bf3 hxg3 27.
fxg3 Nf5 28. Qd3 Qxg3+ 29. Kf1 Qh3+ 30. Ke2 Ng3+ 31. Ke3 Ng4+ 32. Bxg4 Qxg4 33.
Qe2 Nxe2 34. Rxe2 Rde8+ 35. Kf2 Rxe2+ 36. Kf1 Qg2# 0-1